000 01492cam a22003977a 4500
003 CHAP
005 20220817043837.0
008 020621d2001 mx d r 00110 spa d
010 _a85900
011 _a86872
020 _a9707040211
035 _a97412
040 _cCHAP
082 0 4 _a371.2913
_bA8
110 2 _aAsociación Nacional de Universidades e Instituciones de Educación Superior. México
_98094
245 1 0 _aDeserción, rezago y eficiencia terminal en las IES:
_bpropuesta metodológica para su estudio
_c/por ANUIES
260 _aMéxico, D. F. :
_bAsociación Nacional de Universidades e Instituciones de Educación Superior
_c2001
300 _a244 p. :
_bgráfs. ; cuadros ; tablas ; diagramas
410 2 1 _aANUIES
490 0 _aBiblioteca de la educación superior. Serie investigaciones
590 _aBATCH-UPD
_b10
_c20130110
_lUCH01
_h1437
590 _aBATCH-UPD
_b10
_c20130410
_lUCH01
_h0911
590 _aBATCH-UPD
_b10
_c20130914
_lUCH01
_h0618
590 _aCONVERSION
_b10
_c20130109
_lUCH01
_h1348
650 1 4 _aDeserción escolar.
_932126
650 1 4 _aEducación superior.
650 1 4 _aEstudiantes.
_938489
650 1 4 _aRendimiento escolar.
_995908
650 1 4 _aUniversidades
_xMéxico.
_9116657
810 0 0 _aANUIES
_96161
830 0 _aBiblioteca de la educación superior. Serie investigaciones
901 _aBK
905 _aMarco A. Mendoza T.
942 _cLIBRO
949 _a371.2913 A8
_bBC
_cLIBRO
_d33724000850889
_eLIBRO
_h102669
_i97412
_si
999 _c85900
_d85900